00446nam a2200181Ia 4500003000400000005001700004008004100021020002200062040000700084041000800091082002100099100001700120245004800137260003200185300001200217365001300229650002200242OSt20230623151513.0210423s2014 xx 000 0 und d a978-93-82186-28-1 cAL aeng a820.9171241 DHAC aDHAWAN (R K) aCommonwealth literature in the 21st century aDelhibPrestige Booksc2014 a184bHB b700cINR aEnglish Criticism